LEADER 01372nam a2200265 u 4500 001 000000019380 003 CaOOAMICUS 005 20070226110800.0 008 950103s1962 it u000 u ita u 035 $a10465489 040 $aOCU$bita$cOCU$d*BOL*$dCStRLIN$dPUL(R) 100 1 $aCannata, Carlo Augusto,$d1934-$0(OLS)http://pul/name/17016 245 10$a"Possessio," "possessor," "possidere" nelle fonti giuridiche del basso Impero romano :$bcontributo allo studio del sistema dei rapporti reali nell'epoca postclassica /$cCarlo Augusto Cannata. 260 $aMilano :$bGiuffrè,$c[1962] 300 $avii, 197 p. ;$c25 cm 490 1 $aFondazione Guglielmo Castelli ;$v31 504 $aBibliographical footnotes. 650 0$aPossession (Roman law).$2//eng$0(OLS)http://pul/subject/13060 830 0$aFondazione Guglielmo Castelli ;$v31.$0(OLS)http://pul/title/1311 850 $aPUL 852 $aPUL$W1$xSL Diritto e Scienze Sociali 1$y4$m187 G 64$j27242$nBK-PRI$b $qStampati$B27242$CPULBib$Z2$F27242 $H $81 941 1 $a8 961 $aINV: 21787 996 $6245$a"Possessio," "possessor," "possidere" nelle fonti giuridiche del basso Impero romano :$bcontributo allo studio del sistema dei rapporti reali nell'epoca postclassica$9(OLS)http://pul/title/27438 996 $6260$aMilano :$bGiuffrè$9(OLS)http://pul/publisher/48401 LEADER 01035nam a2200265 u 4500 001 000000082532 003 CaOOAMICUS 005 20070226123855.0 008 050414s2004 enk u000 u eng u 020 $a0192806068 035 $a11039326 040 $aPUL$bita 100 1 $aRuthven, Malise.$0(OLS)http://pul/name/54807 245 10$aFundamentalism :$bthe search for meaning /$cMalise Ruthven. 260 $aOxford :$bOxford University Press,$c2004. 300 $avi, 246 p. ;$c20 cm 500 $aInclude indice. 504 $aBibliografia in nota. 650 4$aFondamentalismo.$0(OLS)http://pul/subject/28277 850 $aPUL 852 $aPUL$W1$xSL Religione 3$y85$m200. 9 Rutma 1$j105140$nBK-PRI$b $qDDC 21$B105140$CPULBib$Z2$F105140 $HPUL98088 $81 941 1 $a9 996 $6020$a0192806068$9(OLS)http://pul/number/109395 996 $6245$aFundamentalism :$bthe search for meaning$9(OLS)http://pul/title/107831 996 $6260$aOxford :$bOxford University Press$9(OLS)http://pul/publisher/48013